Technology development and the convention on biological diversity: Emerging International Policy Issues (Registro nro. 9792)

Detalles MARC
000 -CABECERA
Campo de control 005540000a22001690004500
090 ## - CLASIFICACIÓN LOCAL
Colección AR
Consecutivo 00701
041 0# - IDIOMA
Código de idioma para texto/pista de sonido o título separado
100 1# - ASIENTO PRINCIPAL--NOMBRE PERSONAL
Nombre personal Juma, Calestous
245 10 - MENCION DE TITULO
Título Technology development and the convention on biological diversity: Emerging International Policy Issues
650 14 - ASIENTO SECUNDARIO DE MATERIA - TERMINO TEMATICO
Término temático o nombre geográfico como elemento de entrada Convenios internacionales
650 14 - ASIENTO SECUNDARIO DE MATERIA - TERMINO TEMATICO
Término temático o nombre geográfico como elemento de entrada Políticas ambientales
650 14 - ASIENTO SECUNDARIO DE MATERIA - TERMINO TEMATICO
Término temático o nombre geográfico como elemento de entrada Biotecnología
651 #4 - ASIENTO SECUNDARIO DE MATERIA - NOMBRE GEOGRAFICO
-- Africa
700 1# - ASIENTO SECUNDARIO - NOMBRE PERSONAL
Nombre personal Mugabe, John
773 1# - Item fuente:
Título African Centre for Technology Studies
Especificación de materiales 270
Paginas del Articulo 1-34
Lugar, editorial y fecha de publicación 1994?
942 ## - ELEMENTOS ADICIONALES (KOHA)
Tipo de ítem Artículo
Existencias
Withdrawn status Lost status Damaged status No para préstamo Colección Ubicación Permanente Ubicación actual Fecha de adquisición Fuente de Valor Datos de publicación Seriada Total Checkouts Número topográfico Inventario / Código de Barras Date last seen Ejemplar Price effective from Forma de adquisición Tipo de material
      No para Préstamo Hemeroteca Bogotá Bogotá 27/02/2015 Muñoz Saba, Yaneth Fuera de circulación   AR 00701 011018 25/03/2015 1 25/03/2015   Artículo